Welcome to the Holygrace Academy Library

Please use search bar below to get started

1984 (Record no. 3619)

MARC details
000 -LEADER
fixed length control field 00630nam a22001457a 4500
020 ## - INTERNATIONAL STANDARD BOOK NUMBER
ISBN 978-0-143-42736-0
082 ## - DEWEY DECIMAL CLASSIFICATION NUMBER
Classification number 823
Item number ORW/N
100 ## - MAIN ENTRY--AUTHOR NAME
Personal name ORWELL, GEORGE
245 ## - TITLE STATEMENT
Title 1984
260 ## - PUBLICATION, DISTRIBUTION, ETC. (IMPRINT)
Place of publication UNITED STATES
Name of publisher PENGUIN BOOKS
Year of publication 2016
300 ## - PHYSICAL DESCRIPTION
Number of Pages 325
520 ## - SUMMARY, ETC.
Summary, etc The novel examines a futuristic society, called the World State, that revolves around science and efficiency. In this society, emotions and individuality are conditioned out of children at a young age, and there are no lasting relationships because “every one belongs to every one else” (a common World State dictum)
650 ## - SUBJECT ADDED ENTRY--TOPICAL TERM
Topical Term NOVEL
Geographic subdivision UNITED STATES
942 ## - ADDED ENTRY ELEMENTS (KOHA)
Koha item type Books
Holdings
Withdrawn status Lost status Collection code Home library Current library Shelving location Date acquired Source of acquisition Cost, normal purchase price Full call number Accession Number Koha item type
    Fiction Main Library Main Library SHELF-14-I- ALPHABETICAL N,O --ENGLISH NOVELS & FICTIONS 17/01/2019 purchase 199.00 823 ORW/N 04583 Books